Come Mai - 883 - Testo - Statistics

Statistiche generali
  • Questo quiz è stato fatto 391 volte
  • Il punteggio medio è 235 su 282
Statistiche sulle risposte
Risposta % Corretto
a
99%
ma
98%
chi
97%
in
97%
Come
96%
come
96%
mai
96%
per
96%
notti
95%
te
95%
di
94%
Le
94%
le
94%
me
94%
sarai
94%
non
93%
aspettare
92%
un
92%
ad
91%
intere
91%
qui
91%
se
91%
91%
aspettarti
90%
una
90%
fare
89%
questo
89%
e
88%
E
88%
finiscono
88%
stanza
88%
stare
88%
Dimmi
87%
seduto
87%
all'
86%
farmi
86%
la
85%
ne
85%
alba
84%
mi
84%
pregando
84%
via
84%
po'
83%
so
83%
tu
83%
nella
82%
con
81%
lo
78%
Lo
78%
melodia
78%
poi
78%
va
78%
faccio
76%
sei
75%
insieme
74%
lettere
74%
uscire
74%
bene
73%
casa
73%
chilometri
73%
deciso
73%
guerra
73%
più
73%
razionalità
73%
scrivere
73%
sempre
73%
ancora
72%
l'ha
72%
porto
72%
quotidiana
72%
sai
72%
serva
72%
arrivata
71%
trovo
71%
che
70%
preso
69%
sperando
69%
purchè
67%
vederti
67%
capiresti
65%
io
64%
all'improvviso
63%
Gli
63%
Il
63%
Inutile
63%
inutile
63%
dove
62%
improvviso
62%
sono
61%
finirà
60%
bambino
59%
m'hai
59%
vai
59%
sento
58%
fino
57%
Dio
56%
film
56%
vedere
56%
dentro
55%
parlarne
55%
quasi
55%
amici
54%
fossi
54%
proprio
54%
sapessero
53%
credevano
50%
sogno
50%
storia
47%
d'amore
45%
pensare
45%
sentirsi
44%
perchè
42%
uccidersi
42%
nessuna
40%
seguirti
39%
fermavo
36%
Nessun quiz corrispondente trovato
Distribuzione punteggi
Percentuale di utenti per punteggio
Percentile per numero di risposta
I tuoi punteggi nel tempo
Non hai fatto questo quiz